Canadian Geography by Letter - L - Statistics

General Stats
  • This quiz has been taken 33 times
  • The average score is 5 of 15
Answer Stats
Hint Answer % Correct
Mainland to the west of Newfoundland and namesake of a retriever Labrador
94%
City in southwestern Ontario named after England's capital London
91%
In Canada, there are 561 of these over 100 km squared Lakes
59%
There are 18 lakes across Nova Scotia that share this name of a bird {Loon} Lake
47%
City in southern Alberta home to North America's longest and highest trestle bridge Lethbridge
44%
Largest suburb of Montreal, located to the north Laval
34%
City that straddles the Alberta/Saskatchewan border Lloydminster
25%
Mountain range that runs along the north bank of the St. Lawrence River {Laurentian} Mountains
19%
Name for a large portion of Quebec between 1791-1841 Lower Canada
19%
Highly populated region in British Columbia that includes the city of Vancouver Lower Mainland
19%
Tree that grows in every province and territory across Canada Larch
16%
Smaller relative to Great Slave Lake in Alberta {Lesser Slave} Lake
16%
Fortress on the northeast coast of Cape Breton Louisbourg
13%
Northern river that runs through the Northwest Territories, BC and the Yukon {Liard} River
6%
Chain of mountains along the west coast of Newfoundland {Long Range} Mountains
0%
No matching quizzes found
Score Distribution
Percent of People with Each Score
Percentile by Number Answered
Your Score History
You have not taken this quiz